Artesanía-estructura de los costos y productividad: Municipio de Momostegango /
Estructura de los costos, productividad y financiamiento en la actividad artesanal de Monostenango, municipio de Guatemala. Establece los costos y estructuras del actual sistema artesanal, determinando tendencias y proyecciones investiga si actualmente la producción es capaz de aprovechar los mercad...
Đã lưu trong:
| Tác giả chính: | |
|---|---|
| Định dạng: | Luận văn |
| Được phát hành: |
Guatemala:
Universidad de San Carlos de Guatemala
|
| Những chủ đề: | |
| Các nhãn: |
Thêm thẻ
Không có thẻ, Là người đầu tiên thẻ bản ghi này!
|
MARC
| LEADER | 00000 a a2200000 04500 | ||
|---|---|---|---|
| 001 | 20041 | ||
| 003 | |||
| 040 | |a CRAI/IIS |c CRAI/IIS | ||
| 090 | |a 08214.00 | ||
| 100 | |a Enríquez García, Encarnación | ||
| 245 | |a Artesanía-estructura de los costos y productividad: |b Municipio de Momostegango / |c Encarnación Enríquez García | ||
| 260 | |a Guatemala: |b Universidad de San Carlos de Guatemala | ||
| 300 | |a 112 páginas | ||
| 502 | |a Tesis (Licenciada en Contaduría Publica) -- Universidad de San Carlos de Guatemala. Facultad de Ciencias Económicas, 1974 | ||
| 520 | |a Estructura de los costos, productividad y financiamiento en la actividad artesanal de Monostenango, municipio de Guatemala. Establece los costos y estructuras del actual sistema artesanal, determinando tendencias y proyecciones investiga si actualmente la producción es capaz de aprovechar los mercados existentes para cada tipo de artesanía y analiza si la producción está en relación con la productividad./ACM | ||
| 650 | |a GUATEMALA | ||
| 650 | |a ARTESANIA | ||
| 650 | |a ARTESANOS | ||
| 650 | |a COSTOS DE PRODUCCION | ||
| 999 | |c 18075 |d 18075 | ||
